|
|
|
|
| LEADER |
02865nam a2200421 i 4500 |
| 001 |
10040738 |
| 003 |
GR-PaULI |
| 005 |
20241015140101.0 |
| 008 |
010802m19721980gr b 1 gre d |
| 040 |
|
|
|a GR-PaULI
|c GR-PaULI
|b gre
|e AACR2
|
| 041 |
1 |
|
|a gre
|h eng
|
| 082 |
0 |
4 |
|a 809
|2 23
|
| 082 |
0 |
4 |
|a 480.09
|2 23
|
| 100 |
1 |
|
|a Pfeiffer, Rudolf,
|d 1889-1979.
|9 29487
|e συγγραφέας.
|
| 245 |
1 |
0 |
|a Ιστορία της κλασσικής φιλολογίας /
|c Rudolf Pfeiffer ; προλεγόμενα Χαράλ. Σ. Φλωράτου ; μετάφραση Παναγιώτης Ξένου, Βασίλη Μοσκόβη.
|
| 260 |
|
|
|a Αθήναι :
|b Ακαδημία Αθηνών,
|c 1972-1980.
|
| 300 |
|
|
|a 2 τ. ;
|c 24 εκ.
|
| 490 |
0 |
|
|a Ακαδημία Αθηνών. Κέντρον Εκδόσεως Ελλήνων Συγγραφέων. Σειρά Βοηθητικών έργων ;
|v 1,
|v 4.
|
| 490 |
0 |
|
|v 4
|
| 500 |
|
|
|a τ. 1. xx, 374 σ. - 1972 -- τ. 2. xli, 250 σ. - 1980.
|
| 504 |
|
|
|a Περιλαμβάνει βιβλιογραφικές παραπομπές και ευρετήρια.
|
| 505 |
0 |
|
|a τ. 1. Από των αρχών μέχρι του τέλους των ελληνιστικών χρόνων -- τ. 4. Από το 1300 μέχρι το 1850 / προλεγόμενα Χαράλ. Σ. Φλωράτου.
|
| 650 |
|
4 |
|a Κλασική φιλολογία
|z Ελλάδα
|x Ιστορία
|9 201554
|
| 700 |
1 |
|
|a Φλωράτος, Χαραλαμπος Σ.
|9 29489
|e συγγραφέας προλόγου
|
| 700 |
1 |
|
|a Ξένος, Παναγιώτης Ν.
|9 206353
|e μεταφραστής
|
| 700 |
|
|
|a Μοσχόβης, Βασίλης Ε.,
|d 1915-1994
|9 89222
|e μεταφραστής
|
| 760 |
0 |
|
|a Σειρά βοηθητικών έργων
|g 1
|
| 760 |
0 |
|
|a Σειρά βοηθητικών έργων
|g 4
|
| 852 |
|
|
|a GR-PaULI
|b ΠΑΤΡΑ
|b ΑΡΧΙΤΕΚΤΟΝΙΚΗ
|k ΔΩΡΕΑ-2
|h 809 P
|m 001985
|p 025000094973
|t 1
|3 τ1
|
| 852 |
|
|
|a GR-PaULI
|b ΠΑΤΡΑ
|b ΑΡΧΙΤΕΚΤΟΝΙΚΗ
|k ΔΩΡΕΑ-2
|h 809 P
|m 001971
|p 025000094959
|t 1
|3 τ4
|
| 942 |
|
|
|2 ddc
|c BKD
|
| 952 |
|
|
|0 0
|1 0
|3 τ1
|4 0
|6 809_000000000000000_P
|7 0
|9 27978
|a ARCH
|b ARCH
|d 2016-04-24
|i 001985
|l 0
|o 809 P
|p 025000094973
|r 2016-04-24 00:00:00
|t 1
|w 2016-04-24
|y BKD
|
| 952 |
|
|
|0 0
|1 0
|3 τ4
|4 0
|6 809_000000000000000_P
|7 0
|9 27979
|a ARCH
|b ARCH
|d 2016-04-24
|i 001971
|l 0
|o 809 P
|p 025000094959
|r 2016-04-24 00:00:00
|t 1
|w 2016-04-24
|y BKD
|
| 952 |
|
|
|0 0
|1 0
|2 ddc
|3 τ. 1
|4 0
|6 480_090000000000000_PFE
|7 0
|9 27980
|a PHIL
|b PHIL
|d 2016-04-24
|i 16
|l 2
|m 1
|o 480.09 PFE
|p 025000102354
|r 2019-12-10 00:00:00
|s 2018-10-18
|t 2
|w 2016-04-24
|y BK15
|
| 952 |
|
|
|0 0
|1 0
|2 ddc
|3 τ. 4
|4 0
|6 480_090000000000000_PFE
|7 0
|9 27981
|a PHIL
|b PHIL
|d 2016-04-24
|i 17
|l 2
|m 1
|o 480.09 PFE
|p 025000102353
|r 2019-12-10 00:00:00
|s 2018-10-18
|t 2
|w 2016-04-24
|y BK15
|
| 998 |
|
|
|c MANIAKH
|d 2001-08
|
| 998 |
|
|
|c ΚΑΝΕΛΛΟΠΟΥΛΟΥ
|d 2024-10
|
| 999 |
|
|
|c 17750
|d 17750
|